[Event "Arco op 33rd"]
[Site "Arco"]
[Date "2011.10.23"]
[Round "2"]
[White "Bonanzinga, Corrado"]
[Black "Negro, Raffaele"]
[Result "0-1"]
[WhiteElo "2136"]
[BlackElo "1915"]
[PlyCount "61"]
[EventDate "2011.10.22"]
[EventType "swiss"]
[EventRounds "9"]
[EventCountry "ITA"]
[SourceTitle "EXT 2024"]
[Source "ChessBase"]
[SourceDate "2023.10.10"]
[SourceVersion "1"]
[SourceVersionDate "2023.10.10"]
[SourceQuality "1"]

1. d4 d5 2. c4 c6 3. Nc3 Nf6 4. e3 e6 5. Nf3 Nbd7 6. Bd3 dxc4 7. Bxc4 b5 8. Bd3 Bd6 9. e4 e5 10. d5 cxd5 11. Nxb5 Bb4+ 12. Bd2 Bxd2+ 13. Qxd2 0-0 14. Nc3 d4 15. Ne2 Bb7 16. Ng3 Re8 17. Nf5 Nxe4 18. Bxe4 Bxe4 19. Nd6 Bxf3 20. Nxe8 Bxg2 21. Rg1 Qxe8 22. Rxg2 Rc8 23. Qh6 g6 24. Rd1 Rc2 25. Rd2 Rc1+ 26. Rd1 Rc4 27. Qh5 Nf6 28. Qe2 Qc6 29. Rg5 Rc2 30. Rd2 Qh1+ 31. Qf1 0-1

[Event "Arco op 31st"]
[Site "Arco"]
[Date "2009.10.23"]
[Round "7"]
[White "Vezzosi, Paolo"]
[Black "Bonanzinga, Corrado"]
[Result "1-0"]
[WhiteElo "2381"]
[BlackElo "2136"]
[PlyCount "58"]
[EventDate "2009.10.17"]
[EventType "swiss"]
[EventRounds "9"]
[EventCountry "ITA"]
[SourceTitle "EXT 2010"]
[Source "ChessBase"]
[SourceDate "2010.11.25"]
[SourceVersion "1"]
[SourceVersionDate "2010.11.25"]
[SourceQuality "1"]

1. d4 Nf6 2. Nf3 g6 3. Nc3 d5 4. Bf4 c6 5. e3 Bg7 6. Be2 Bg4 7. h3 Bxf3 8. Bxf3 Nbd7 9. 0-0 0-0 10. a4 Re8 11. a5 e5 12. Bg3 b5 13. Qd2 exd4 14. exd4 Ne4 15. Nxe4 dxe4 16. Be2 Nc5 17. Rfd1 Ne6 18. c3 Qd5 19. h4 h5 20. Re1 Rad8 21. Qe3 Kh7 22. Bf1 f5 23. Be5 Bh6 24. f4 c5 25. Red1 Qb3 26. g3 Bf8 27. Qe2 b4 28. Qc4 Qxb2 29. d5 Ng7 1-0

[Event "Arco op 31st"]
[Site "Arco"]
[Date "2009.10.20"]
[Round "4"]
[White "De Santis, Alessio"]
[Black "Bonanzinga, Corrado"]
[Result "1-0"]
[WhiteElo "2309"]
[BlackElo "2136"]
[PlyCount "117"]
[EventDate "2009.10.17"]
[EventType "swiss"]
[EventRounds "9"]
[EventCountry "ITA"]
[SourceTitle "EXT 2010"]
[Source "ChessBase"]
[SourceDate "2010.11.25"]
[SourceVersion "1"]
[SourceVersionDate "2010.11.25"]
[SourceQuality "1"]

1. d4 Nf6 2. c4 g6 3. Nc3 Bg7 4. e4 d6 5. f3 0-0 6. Bg5 c5 7. d5 h6 8. Be3 e6 9. Qd2 exd5 10. cxd5 Re8 11. Be2 h5 12. a4 Na6 13. Bg5 Nb4 14. h4 Qa5 15. Ra3 Bd7 16. Kf1 a6 17. Nh3 Qc7 18. Nf2 b5 19. g4 c4 20. Bxf6 Bxf6 21. gxh5 Nd3 22. axb5 Nxf2 23. Kxf2 axb5 24. Rxa8 Rxa8 25. hxg6 b4 26. e5 Qc5+ 27. Kg2 bxc3 28. Qh6 Bg7 29. Qh7+ Kf8 30. gxf7 Qe3 31. Re1 Qxe5 32. Qg8+ Ke7 33. f4 Qe4+ 34. Bf3 Qxe1 35. Qxg7 Bh3+ 36. Kxh3 Qf1+ 37. Bg2 Qd3+ 38. Kh2 Rf8 39. bxc3 Rxf7 40. Qg5+ Kd7 41. Qg8 Re7 42. Bh3+ Kc7 43. Qc8+ Kb6 44. Qd8+ Rc7 45. Qxd6+ Kb7 46. Qe5 Rh7 47. d6 Ka7 48. Qc5+ Kb8 49. Qb6+ Rb7 50. Qd8+ Ka7 51. Qa5+ Kb8 52. Qd8+ Ka7 53. Bg2 Qd2 54. Qa5+ Kb8 55. Qd8+ Ka7 56. Qa5+ Kb8 57. Qe5 Rb2 58. d7+ Ka7 59. Qa5+ 1-0